L'imaginaire du lien dans les romans de Roger Frison-Roche /

Saved in:
Bibliographic Details
Main Author: Grave, Jaël.
Format: Book
Language:French
Published: Arras : Artois presses université, c2009.
Series:Collection "Etudes littéraires et linguistiques."
Subjects:
Tags: Add Tag
No Tags, Be the first to tag this record!
LEADER 01706cam a2200349Ia 4500
001 012316632-2
005 20101105191002.0
008 100317s2009 fr b b 001 0 fre d
020 |a 9782848321134 
020 |a 284832113X 
035 0 |a ocn587025219 
040 |a TZT  |c TZT  |d AUXAM  |d UAB  |d COD  |d ERASP  |d OCLCA  |d IXA 
050 4 |a PQ2611.R48  |b Z663 2009 
072 7 |a PQ  |2 lcco 
082 1 4 |a 809  |2 1 
100 1 |a Grave, Jaël. 
245 1 2 |a L'imaginaire du lien dans les romans de Roger Frison-Roche /  |c Jaël Grave. 
260 |a Arras :  |b Artois presses université,  |c c2009. 
300 |a 330 p. :  |b maps ;  |c 24 cm. 
490 1 |a Etudes littéraires et linguistiques,  |x 1272-3355 
504 |a Includes bibliographical references (p. [313]-323) and index. 
505 0 |a Introduction -- Les modalités de l'itinérance -- Les enjeux de l'itinérance -- Une quête initiatique et sotériologique -- Les figures médiatrices -- Espace et temps mythiques -- La quête mystique -- De la nécessaire humanité -- Lieux d'enracinement -- L'attachement à un peuple -- Des communautés -- L'art : possible lien -- Conclusion. 
600 1 0 |a Frison-Roche, Roger,  |d 1906-1999  |x Criticism and interpretation. 
650 0 |a Interpersonal relations in literature. 
650 0 |a Imagination in literature. 
653 |a French novelist  |a 20th century  |a Criticism 
655 7 |a Criticism, interpretation, etc.  |2 fast  |0 (OCoLC)fst01411635 
776 0 8 |i Online version:  |a Grave, Jaël.  |t Imaginaire du lien dans les romans de Roger Frison-Roche.  |d Arras : Artois presses université, ©2009  |w (OCoLC)1019826402 
830 0 |a Collection "Etudes littéraires et linguistiques." 
988 |a 20100409 
049 |a HLSS 
906 |0 OCLC